Statistics for Countries Beginning with "G" and Ending with "A"

Click here to take the quiz!

General Stats

  • This quiz has been taken 154 times
  • The average score is 6 of 7

Answer Stats

Country% Correct
Gambia
90%
Guinea
89%
Ghana
82%
Grenada
81%
Guyana
81%
Georgia
79%
Guatemala
77%

Score Distribution

Percentile by Number Answered

Percent of People with Each Score

Your Score History

You have not taken this quiz